[Event "WYCC 2018 O16"]
[Site "Halkidiki"]
[Date "2018.10.22"]
[Round "4"]
[White "Quirhuayo Chumbe, German Gonzalo"]
[Black "Golikov, Daniil"]
[Result "1-0"]
[WhiteElo "2220"]
[BlackElo "2319"]
[Annotator "NA"]
[PlyCount "53"]
[EventDate "2018.10.20"]
[EventType "swiss"]
[EventCountry "GRE"]
[SourceTitle "playchess.com"]
[Source "ChessBase"]
[SourceQuality "1"]
[TimeControl "40/5400+30:1800+30"]

1. e4 {[%emt 0:00:00]} c5 {[%emt 0:00:00]} 2. Nf3 {[%emt 0:00:00]} e6 {[%emt 0:00:00]} 3. d4 {[%emt 0:00:00]} cxd4 {[%emt 0:00:07]} 4. Nxd4 {[%emt 0:00:00]} a6 {[%emt 0:00:05]} 5. Bd3 {[%emt 0:00:07]} Qc7 {[%emt 0:00:27]} 6. O-O {[%emt 0:01:17]} Nf6 {[%emt 0:01:44]} 7. Nc3 {[%emt 0:01:07]} Nc6 {[%emt 0:03:07]} 8. Be3 {[%emt 0:05:31]} Ne5 {[%emt 0:00:12]} 9. h3 {[%emt 0:01:11]} Bc5 {[%emt 0:00:11]} 10. Kh1 {[%emt 0:06:38]} d6 {[%emt 0:02:50] B48: Sicilian: Taimanov: 5 Nc3 Qc7 6 Be3 a6 without Be2} 11. Nce2 {[%emt 0:08:22]} (11. f4 Ned7 12. Qd2 O-O 13. Rae1 b5 14. Nb3 Bxe3 15. Qxe3 Bb7 16. e5 dxe5 17. fxe5 Nd5 18. Nxd5 Bxd5 19. Rf4 Rae8 {0-1 (29) Lie,K (2509)-Swiercz,D (2631) Yerevan 2014}) 11... d5 {[%emt 0:03:43]} 12. f4 {[%emt 0:11:18]} Nc4 {[%emt 0:21:30]} 13. Bxc4 {[%emt 0:05:41]} dxc4 {[%emt 0:00:01]} 14. Nc3 {[%emt 0:03:07]} b5 $146 {[%emt 0:05:25]} ({Predecessor:} 14... Bb4 15. Qf3 b6 16. e5 Bb7 17. Qg3 Bxc3 18. bxc3 {0-1 (27) Mammadova,S (1836)-Yang,Y (1975) Khanty-Mansiysk 2016}) 15. e5 {[%emt 0:02:37]} Nd7 {[%emt 0:01:04]} 16. Qg4 {[%emt 0:02:59]} (16. f5 $5 {[%cal Rd4e6]} Nxe5 17. fxe6 $16) 16... g6 {[%emt 0:08:21]} 17. Nxe6 {[%emt 0:04:47]} Qc6 {[%emt 0:08:19]} 18. Nd4 {[%emt 0:09:33]} Bxd4 {[%emt 0:04:49]} 19. Bxd4 {[%emt 0:00:04]} Nc5 {[%emt 0:06:05]} 20. e6 {[%emt 0:02:17]} Bxe6 {[%emt 0:00:11]} 21. f5 {[%emt 0:01:03]} gxf5 {[%emt 0:00:41]} 22. Qf3 {[%emt 0:00:07]} Kd7 {[%emt 0:00:19]} 23. Bxc5 $18 {[%emt 0:01:29]} Qxc5 {[%emt 0:00:25]} 24. Qb7+ {[%emt 0:00:15]} Kd6 {[%emt 0:04:33]} 25. Rfe1 {[%emt 0:00:10]} Qc8 {[%emt 0:01:38]} 26. Rad1+ {[%emt 0:00:07]} Kc5 {[%emt 0:00:07]} 27. Re5+ {[%emt 0:00:04] Kd5} 1-0

[Event "WYCC 2018 O16"]
[Site "Halkidiki"]
[Date "2018.10.22"]
[Round "4"]
[White "Sargsyan, Tigran R."]
[Black "Sahidi, Samir"]
[Result "1-0"]
[WhiteElo "2218"]
[BlackElo "2315"]
[Annotator "NA"]
[PlyCount "111"]
[EventDate "2018.10.20"]
[EventType "swiss"]
[EventCountry "GRE"]
[SourceTitle "playchess.com"]
[Source "ChessBase"]
[SourceQuality "1"]
[TimeControl "40/5400+30:1800+30"]

1. d4 {[%emt 0:00:00]} Nf6 {[%emt 0:00:00]} 2. Nf3 {[%emt 0:00:22]} g6 {[%emt 0:00:37]} 3. g3 {[%emt 0:02:34]} Bg7 {[%emt 0:01:44]} 4. Bg2 {[%emt 0:00:37]} O-O {[%emt 0:01:07]} 5. O-O {[%emt 0:00:53]} d6 {[%emt 0:01:16]} 6. b3 {[%emt 0:04:17]} c6 {[%emt 0:05:31]} 7. Bb2 {[%emt 0:01:16]} Qc7 {[%emt 0:04:23]} 8. c4 {[%emt 0:03:25]} Re8 {[%emt 0:04:33]} 9. Nc3 {[%emt 0:05:49]} Bg4 {[%emt 0:02:06]} 10. e4 {[%emt 0:02:30]} Nbd7 {[%emt 0:13:28]} 11. h3 {[%emt 0:02:53]} Bxf3 {[%emt 0:00:06]} 12. Bxf3 {[%emt 0:00:59]} Nf8 {[%emt 0:06:24]} 13. Qd2 {[%emt 0:10:08]} N6d7 {[%emt 0:02:07]} 14. Rad1 {[%emt 0:05:16]} Ne6 {[%emt 0:02:36]} 15. Ne2 {[%emt 0:00:47]} Bf6 {[%emt 0:02:12]} 16. Bg2 {[%emt 0:02:58]} c5 $16 {[%emt 0:01:27]} 17. d5 {[%emt 0:00:53]} Ng7 {[%emt 0:00:36]} 18. f4 {[%emt 0:08:38]} Rab8 {[%emt 0:01:51]} 19. g4 {[%emt 0:03:04]} Bxb2 {[%emt 0:00:50]} 20. Qxb2 {[%emt 0:00:19]} b5 {[%emt 0:02:01]} 21. cxb5 {[%emt 0:00:42]} Rxb5 {[%emt 0:00:11]} 22. Qc3 {[%emt 0:07:11]} Qa5 {[%emt 0:01:19]} 23. Rd2 {[%emt 0:11:08]} Qxc3 {[%emt 0:08:28]} 24. Nxc3 {[%emt 0:00:05]} Ra5 {[%emt 0:00:29]} 25. e5 {[%emt 0:10:53]} Rb8 {[%emt 0:08:49]} 26. Re1 {[%emt 0:01:30]} Kf8 {[%emt 0:04:55]} 27. Rde2 {[%emt 0:01:35]} f5 {[%emt 0:04:42]} 28. exf6 {[%emt 0:02:33]} exf6 {[%emt 0:00:15]} 29. Re7 {[%emt 0:02:36]} Re8 {[%emt 0:00:57]} 30. Rxe8+ {[%emt 0:00:06]} Nxe8 {[%emt 0:00:07]} 31. Re6 {[%emt 0:01:21]} Kf7 {[%emt 0:01:37]} 32. Bf1 {[%emt 0:01:20]} Nf8 {[%emt 0:00:31]} 33. Re3 {[%emt 0:01:03]} Nc7 {[%emt 0:01:08]} 34. Bc4 {[%emt 0:00:51]} f5 {[%emt 0:00:45]} 35. a4 {[%emt 0:00:46]} Nd7 {[%emt 0:02:43]} 36. Re6 {[%emt 0:01:34]} fxg4 {[%emt 0:02:23]} 37. hxg4 {[%emt 0:00:13]} Nb6 {[%emt 0:02:49]} 38. Rxd6 {[%emt 0:00:26]} Nxc4 {[%emt 0:00:39]} 39. Rd7+ {[%emt 0:00:22]} Ke8 {[%emt 0:01:12]} 40. Rxc7 {[%emt 0:00:00]} Nd2 {[%emt 0:00:00]} 41. d6 {[%emt 0:01:15]} Nxb3 {[%emt 0:02:14]} 42. Ne4 {[%emt 0:02:39]} Ra6 {[%emt 0:01:22]} 43. Rb7 {[%emt 0:01:03]} Rb6 {[%emt 0:01:16]} 44. Rxa7 {[%emt 0:00:06]} Kd8 {[%emt 0:00:27]} 45. Ng5 {[%emt 0:01:30]} Kc8 {[%emt 0:07:20]} 46. d7+ {[%emt 0:00:11]} Kb8 {[%emt 0:00:11]} 47. d8=Q+ {[%emt 0:00:24]} Kxa7 {[%emt 0:00:06]} 48. Ne4 {[%emt 0:01:01]} Rb4 {[%emt 0:01:03]} 49. a5 {[%emt 0:01:14]} Ka6 {[%emt 0:01:56]} 50. Qa8+ {[%emt 0:00:37]} Kb5 {[%emt 0:00:10]} 51. a6 {[%emt 0:00:30]} Nd4 {[%emt 0:00:10]} 52. Qb7+ {[%emt 0:00:14]} Kc4 {[%emt 0:00:10]} 53. Qxb4+ {[%emt 0:00:16]} cxb4 {[%emt 0:00:09]} 54. a7 {[%emt 0:00:04]} b3 {[%emt 0:00:31]} 55. Nd2+ {[%emt 0:00:18]} Kd3 {[%emt 0:00:34]} 56. Nxb3 {[%emt 0:00:06]} 1-0

[Event "WYCC 2018 O16"]
[Site "Halkidiki"]
[Date "2018.10.22"]
[Round "4"]
[White "Ongut, Tamas Gunes"]
[Black "Wachinger, Nikolas"]
[Result "0-1"]
[WhiteElo "2185"]
[BlackElo "2360"]
[Annotator "NA"]
[PlyCount "116"]
[EventDate "2018.10.20"]
[EventType "swiss"]
[EventCountry "GRE"]
[SourceTitle "playchess.com"]
[Source "ChessBase"]
[SourceQuality "1"]
[TimeControl "40/5400+30:1800+30"]

1. e4 {[%emt 0:00:00]} c5 {[%emt 0:00:00]} 2. Nf3 {[%emt 0:00:00]} d6 {[%emt 0:00:00]} 3. d4 {[%emt 0:00:00]} Nf6 {[%emt 0:00:00]} 4. Nc3 {[%emt 0:00:00]} cxd4 {[%emt 0:00:00]} 5. Nxd4 {[%emt 0:00:05]} a6 {[%emt 0:00:06]} 6. f3 {[%emt 0:03:00]} e5 {[%emt 0:00:46]} 7. Nb3 {[%emt 0:00:08]} Be6 {[%emt 0:00:21]} 8. Be3 {[%emt 0:00:09]} Nbd7 {[%emt 0:01:08]} 9. Qd2 {[%emt 0:00:44]} h5 {[%emt 0:00:18]} 10. Nd5 {[%emt 0:00:13]} Bxd5 {[%emt 0:00:26]} 11. exd5 {[%emt 0:00:09]} g6 {[%emt 0:00:13]} 12. Be2 {[%emt 0:00:09]} Bg7 {[%emt 0:00:47]} 13. O-O {[%emt 0:00:28]} b6 {[%emt 0:02:47]} 14. c4 {[%emt 0:04:33]} O-O {[%emt 0:03:22]} 15. Rac1 {[%emt 0:00:30]} Nh7 {[%emt 0:07:50]} 16. Na1 $11 {[%emt 0:01:50]} a5 {[%emt 0:04:15]} 17. Nc2 {[%emt 0:00:34]} f5 {[%emt 0:07:28]} 18. Na3 {[%emt 0:04:11]} Nc5 {[%emt 0:17:18]} 19. Nb5 {[%emt 0:05:45]} Bf6 {[%emt 0:21:26]} 20. b3 {[%emt 0:11:11]} Bg5 {[%emt 0:11:18]} 21. Bxg5 {[%emt 0:15:16]} Nxg5 {[%emt 0:00:12]} 22. f4 {[%emt 0:05:11]} Nge4 {[%emt 0:04:01]} 23. Qe3 {[%emt 0:03:35]} Qf6 {[%emt 0:03:27]} 24. fxe5 {[%emt 0:08:49]} Qxe5 {[%emt 0:06:43]} 25. Bf3 {[%emt 0:01:02]} Rae8 {[%emt 0:03:02]} 26. Rfe1 {[%emt 0:13:20]} Kh7 {[%emt 0:03:09]} 27. Rcd1 {[%emt 0:03:22]} Re7 {[%emt 0:01:03]} 28. Qc1 {[%emt 0:06:37]} Rfe8 {[%emt 0:00:40]} 29. Nd4 {[%emt 0:01:57]} Qf6 {[%emt 0:00:33]} 30. Nc6 {[%emt 0:02:33]} Rf7 {[%emt 0:00:08]} 31. Qc2 {[%emt 0:04:47]} Rff8 {[%emt 0:00:15]} 32. Nd4 {[%emt 0:01:44]} Ng5 {[%emt 0:00:37]} 33. Qf2 {[%emt 0:01:34]} Rxe1+ {[%emt 0:01:30]} 34. Qxe1 {[%emt 0:00:07]} Rf7 {[%emt 0:00:12]} 35. h4 {[%emt 0:00:43]} Re7 {[%emt 0:00:17]} 36. Qf2 {[%emt 0:00:58]} Nge4 {[%emt 0:00:16]} 37. Bxe4 {[%emt 0:00:17]} Nxe4 {[%emt 0:00:40]} 38. Qe1 {[%emt 0:00:41]} f4 {[%emt 0:00:57]} 39. Ne6 {[%emt 0:01:47]} Ng3 {[%emt 0:00:10]} 40. Ng5+ {[%emt 0:00:00]} Kg8 {[%emt 0:00:00]} 41. Qf2 {[%emt 0:04:53]} Re3 {[%emt 0:12:51]} 42. Qc2 {[%emt 0:09:01]} Kg7 {[%emt 0:04:10]} 43. Ne6+ {[%emt 0:02:06]} Kh6 {[%emt 0:03:17]} 44. Qf2 {[%emt 0:01:00]} Re4 {[%emt 0:03:43]} 45. Qc2 {[%emt 0:10:03]} Qxh4 {[%emt 0:01:52]} 46. Qb2 {[%emt 0:00:07]} Re5 {[%emt 0:00:10]} 47. Qd2 {[%emt 0:00:10]} Re3 {[%emt 0:01:45]} 48. Nxf4 {[%emt 0:00:46]} Qxf4 {[%emt 0:00:40]} 49. Qf2 {[%emt 0:00:06]} Qxf2+ {[%emt 0:00:58]} 50. Kxf2 {[%emt 0:00:07]} Rc3 {[%emt 0:00:06]} 51. Rb1 {[%emt 0:00:07]} Nf5 {[%emt 0:00:43]} 52. a3 {[%emt 0:00:33]} Nd4 {[%emt 0:00:23]} 53. b4 {[%emt 0:00:07]} Rxc4 {[%emt 0:00:29]} 54. Ke3 {[%emt 0:00:13]} Nf5+ {[%emt 0:00:06]} 55. Kd3 {[%emt 0:00:06]} Rd4+ {[%emt 0:00:05]} 56. Kc3 {[%emt 0:00:04]} Rxd5 {[%emt 0:00:15]} 57. bxa5 {[%emt 0:00:07]} bxa5 {[%emt 0:00:12]} 58. a4 {[%emt 0:00:05]} Rd4 {[%emt 0:00:09] Kxd4} 0-1

[Event "WYCC 2018 O16"]
[Site "Halkidiki"]
[Date "2018.10.22"]
[Round "4"]
[White "Kotau, Arseni"]
[Black "Kalavannan, Koby"]
[Result "1/2-1/2"]
[WhiteElo "2167"]
[BlackElo "2365"]
[Annotator "NA"]
[PlyCount "136"]
[EventDate "2018.10.20"]
[EventType "swiss"]
[EventCountry "GRE"]
[SourceTitle "playchess.com"]
[Source "ChessBase"]
[SourceQuality "1"]
[TimeControl "40/5400+30:1800+30"]

1. d4 {[%emt 0:00:00]} Nf6 {[%emt 0:00:00]} 2. c4 {[%emt 0:00:00]} g6 {[%emt 0:00:00]} 3. Nc3 {[%emt 0:00:00]} Bg7 {[%emt 0:00:00]} 4. e4 {[%emt 0:00:00]} d6 {[%emt 0:00:00]} 5. f3 {[%emt 0:00:03]} O-O {[%emt 0:00:00]} 6. Nge2 {[%emt 0:00:02]} a6 {[%emt 0:00:00]} 7. Be3 {[%emt 0:02:27]} Nc6 {[%emt 0:00:06]} 8. Qd2 {[%emt 0:04:11]} Bd7 {[%emt 0:00:05]} 9. g4 {[%emt 0:01:52]} b5 {[%emt 0:03:46]} 10. h4 {[%emt 0:11:23]} bxc4 {[%emt 0:06:28]} (10... h5 $11) 11. h5 {[%emt 0:04:32]} Re8 {[%emt 0:05:24]} 12. O-O-O {[%emt 0:03:29]} a5 {[%emt 0:15:41]} 13. hxg6 {[%emt 0:02:42]} hxg6 {[%emt 0:01:56]} 14. Bh6 {[%emt 0:25:40]} Bh8 {[%emt 0:00:54]} 15. Nf4 {[%emt 0:02:19]} Nxd4 {[%emt 0:25:24]} 16. Qxd4 {[%emt 0:04:28]} e5 {[%emt 0:01:00]} 17. Qf2 {[%emt 0:08:16]} ({Not} 17. Qxc4 exf4 18. Bxf4 Bg7 $16) 17... exf4 $18 {[%emt 0:00:02]} 18. Bg5 {[%emt 0:01:59]} Bg7 {[%emt 0:02:42]} 19. Bxc4 {[%emt 0:05:06]} Re5 {[%emt 0:11:58]} 20. Qh4 {[%emt 0:04:07]} Rc5 {[%emt 0:00:02]} 21. e5 {[%emt 0:01:11]} Rxe5 {[%emt 0:01:03]} 22. Ne4 {[%emt 0:01:40]} Rxe4 {[%emt 0:03:39]} 23. fxe4 {[%emt 0:00:09]} Qe7 {[%emt 0:00:47]} 24. Bh6 {[%emt 0:05:24]} Qf8 {[%emt 0:01:33]} 25. e5 {[%emt 0:03:02]} Nxg4 {[%emt 0:11:13]} 26. Bxg7 {[%emt 0:01:47]} Qxg7 {[%emt 0:00:01]} 27. e6 {[%emt 0:00:22]} Ne5 {[%emt 0:00:47]} 28. exf7+ {[%emt 0:05:53]} Nxf7 {[%emt 0:00:01]} 29. Qe7 {[%emt 0:01:14]} Be8 {[%emt 0:00:26]} 30. Rde1 {[%emt 0:00:35]} Qd4 {[%emt 0:00:35]} 31. Bb3 {[%emt 0:01:00]} a4 {[%emt 0:01:53]} 32. Reg1 {[%emt 0:00:33]} Qe3+ {[%emt 0:03:40]} 33. Qxe3 {[%emt 0:00:03]} fxe3 {[%emt 0:00:03]} 34. Rxg6+ Kf8 35. Bd5 {[%emt 0:00:55]} Ra5 {[%emt 0:00:25]} 36. Bxf7 {[%emt 0:00:45]} Bxf7 {[%emt 0:03:02]} 37. Rg3 {[%emt 0:00:29]} Rc5+ {[%emt 0:00:56]} 38. Kb1 {[%emt 0:00:40]} e2 {[%emt 0:02:14]} 39. Rh8+ {[%emt 0:00:30]} Ke7 {[%emt 0:00:00]} 40. Re3+ {[%emt 0:00:00]} Re5 {[%emt 0:00:00]} 41. Rxe5+ {[%emt 0:00:02]} dxe5 {[%emt 0:00:02]} 42. Rh1 {[%emt 0:00:16]} e4 {[%emt 0:05:59]} 43. Re1 {[%emt 0:03:00]} Bc4 {[%emt 0:01:37]} 44. Kc2 {[%emt 0:00:17]} Kd6 {[%emt 0:02:18]} 45. Kd2 {[%emt 0:01:41]} Kd5 {[%emt 0:00:44]} 46. Rc1 {[%emt 0:05:11]} c5 {[%emt 0:02:16]} 47. Ke3 {[%emt 0:00:47]} Bxa2 {[%emt 0:04:47]} 48. Kxe2 {[%emt 0:01:38]} Kd4 {[%emt 0:00:01]} 49. Rc3 {[%emt 0:05:20]} Bc4+ {[%emt 0:08:41]} 50. Kd2 {[%emt 0:00:05]} Bd3 {[%emt 0:02:07]} 51. Ra3 {[%emt 0:00:41]} e3+ {[%emt 0:01:04]} 52. Ke1 {[%emt 0:02:46]} Bc2 {[%emt 0:00:27]} 53. Rc3 {[%emt 0:00:02]} Bb3 {[%emt 0:01:08]} 54. Ke2 {[%emt 0:00:52]} Bc4+ {[%emt 0:00:01]} 55. Ke1 {[%emt 0:00:40]} Bb5 {[%emt 0:00:46]} 56. Kd1 {[%emt 0:00:28]} Be8 {[%emt 0:03:11]} 57. Ke2 {[%emt 0:01:03]} Bb5+ {[%emt 0:00:02]} 58. Kd1 {[%emt 0:00:13]} e2+ {[%emt 0:04:19]} 59. Kd2 {[%emt 0:00:21]} Kd5 {[%emt 0:00:04]} 60. Rg3 {[%emt 0:01:26]} Bc4 {[%emt 0:01:43]} 61. Ra3 {[%emt 0:00:44]} Bb5 {[%emt 0:00:19]} 62. Rg3 {[%emt 0:00:04]} Kd4 {[%emt 0:00:42]} 63. Rc3 {[%emt 0:00:58]} Bc6 {[%emt 0:00:54]} 64. Kxe2 {[%emt 0:00:42]} Bd5 {[%emt 0:00:07]} 65. Kd2 {[%emt 0:00:16]} Bb3 {[%emt 0:00:02]} 66. Rh3 {[%emt 0:00:44]} Kc4 {[%emt 0:00:12]} 67. Rh4+ {[%emt 0:00:14]} Kb5 {[%emt 0:00:02]} 68. Kc3 {[%emt 0:00:08]} Bd1 {[%emt 0:00:11]} 1/2-1/2

[Event "WYCC 2018 O16"]
[Site "Halkidiki"]
[Date "2018.10.22"]
[Round "4"]
[White "Onslow, Alfie"]
[Black "Mitsis, Georgios"]
[Result "1/2-1/2"]
[WhiteElo "2037"]
[BlackElo "2350"]
[Annotator "NA"]
[PlyCount "100"]
[EventDate "2018.10.20"]
[EventType "swiss"]
[EventCountry "GRE"]
[SourceTitle "playchess.com"]
[Source "ChessBase"]
[SourceQuality "1"]
[TimeControl "40/5400+30:1800+30"]

1. e4 {[%emt 0:00:00]} e5 {[%emt 0:00:00]} 2. Nf3 {[%emt 0:00:00]} Nc6 {[%emt 0:00:00]} 3. d4 exd4 {[%emt 0:00:05]} 4. Nxd4 {[%emt 0:00:06]} Nf6 {[%emt 0:00:32]} 5. Nxc6 {[%emt 0:00:10]} bxc6 {[%emt 0:00:07]} 6. e5 {[%emt 0:00:06]} Qe7 {[%emt 0:00:09]} 7. Qe2 {[%emt 0:00:10]} Nd5 {[%emt 0:00:08]} 8. c4 {[%emt 0:00:07]} Nb6 {[%emt 0:00:30]} 9. Nc3 {[%emt 0:00:53]} Qe6 {[%emt 0:00:10]} 10. Qe4 {[%emt 0:00:48]} g6 {[%emt 0:03:08] C45: Schottische Partie} 11. Be2 {[%emt 0:09:54]} (11. Bd2 Bg7 12. c5 Nd5 13. Bc4 Qxe5 14. Qxe5+ Bxe5 15. Bxd5 cxd5 16. O-O-O O-O 17. Nxd5 Rb8 18. Bc3 Bxc3 19. Nxc3 {1-0 (49) Yu,Y (2729)-Dominguez Perez,L (2739) Doha 2016}) 11... Bg7 {[%emt 0:01:47]} 12. f4 {[%emt 0:00:36]} O-O {[%emt 0:00:46]} 13. O-O {[%emt 0:10:44]} Ba6 {[%emt 0:07:54]} 14. c5 $146 {[%emt 0:18:15]} ({Vorgänger:} 14. b3 $14 f6 15. c5 Bxe2 16. Nxe2 Nd5 17. Bb2 fxe5 18. fxe5 Rae8 19. Rxf8+ Bxf8 20. Re1 Bxc5+ 21. Bd4 Qe7 22. Nf4 Qxe5 {0-1 (22) Csiba,D (2401)-Bernasek,J (2470) Brezova pod Bradlom 2009}) 14... Bxe2 {[%emt 0:01:22]} 15. Qxe2 {[%emt 0:01:02]} Nd5 {[%emt 0:00:22]} 16. Nxd5 {[%emt 0:05:30]} cxd5 {[%emt 0:00:56]} 17. Qd3 {[%emt 0:09:50]} f6 {[%emt 0:02:12]} 18. exf6 {[%emt 0:04:10]} Bxf6 {[%emt 0:00:32]} 19. f5 {[%emt 0:01:44]} Qe4 {[%emt 0:04:27]} 20. Qxe4 {[%emt 0:01:45]} dxe4 $11 {[%emt 0:02:30]} 21. Be3 {[%emt 0:09:07]} d5 {[%emt 0:35:55]} 22. cxd6 {[%emt 0:02:25]} cxd6 {[%emt 0:00:04]} 23. fxg6 {[%emt 0:02:52]} hxg6 {[%emt 0:02:20]} 24. Rad1 {[%emt 0:00:49]} Be5 {[%emt 0:00:06]} 25. Rxf8+ {[%emt 0:00:36]} Rxf8 {[%emt 0:07:04]} 26. Bd4 {[%emt 0:05:47]} Bf4 {[%emt 0:02:13]} 27. g3 {[%emt 0:00:58]} Bh6 {[%emt 0:00:05]} 28. Bxa7 {[%emt 0:00:50]} Ra8 {[%emt 0:00:05]} 29. Bb6 {[%emt 0:06:37]} Rxa2 {[%emt 0:00:12]} 30. Rxd6 {[%emt 0:01:01]} Rxb2 {[%emt 0:00:15]} 31. Rxg6+ {[%emt 0:01:33]} Kh7 {[%emt 0:00:09]} 32. Re6 {[%emt 0:00:40]} Rxb6 {[%emt 0:00:10]} 33. Rxe4 {[%emt 0:00:13]} Rb2 {[%emt 0:00:51]} 34. Re6 {[%emt 0:00:50]} Bg7 {[%emt 0:00:08]} 35. Rd6 {[%emt 0:02:56]} Be5 {[%emt 0:00:13]} 36. Rd5 {[%emt 0:01:18]} Bf6 {[%emt 0:00:19]} 37. Rf5 {[%emt 0:02:04]} Kg6 {[%emt 0:00:06]} 38. Rf3 {[%emt 0:00:22]} Bd4+ {[%emt 0:00:29]} 39. Kh1 {[%emt 0:00:14]} Kg5 {[%emt 0:00:43]} 40. h3 {[%emt 0:00:00]} Be5 {[%emt 0:00:00]} 41. Kg1 {[%emt 0:02:25]} Re2 {[%emt 0:01:49]} 42. Kh1 {[%emt 0:02:11]} Kg6 {[%emt 0:00:30]} 43. Kg1 {[%emt 0:00:42]} Bf6 {[%emt 0:00:04]} 44. Rf4 {[%emt 0:04:34]} Kf7 {[%emt 0:00:20]} 45. Rf2 {[%emt 0:00:27]} Re3 {[%emt 0:00:12]} 46. Kg2 {[%emt 0:00:06]} Kg6 {[%emt 0:00:06]} 47. Rf3 {[%emt 0:00:25]} Re2+ {[%emt 0:00:06]} 48. Rf2 {[%emt 0:00:04]} Re3 {[%emt 0:00:12]} 49. Rf3 {[%emt 0:00:41]} Re2+ {[%emt 0:00:05]} 50. Rf2 {[%emt 0:00:00]} Re3 {[%emt 0:00:04]} 1/2-1/2

[Event "WYCC 2018 O16"]
[Site "Halkidiki"]
[Date "2018.10.22"]
[Round "4"]
[White "Wijesinghe, N L C Dojitha"]
[Black "Chukavin, Kirill"]
[Result "1/2-1/2"]
[WhiteElo "1688"]
[BlackElo "2274"]
[Annotator "ChessBase"]
[PlyCount "138"]
[EventDate "2018.10.20"]
[EventType "swiss"]
[EventCountry "GRE"]
[SourceTitle "playchess.com"]
[Source "ChessBase"]
[SourceQuality "1"]
[TimeControl "40/5400+30:1800+30"]

1. e4 {[%emt 0:00:00]} c5 {[%emt 0:00:00]} 2. c3 {[%emt 0:00:06]} d5 {[%emt 0:00:00]} 3. exd5 {[%emt 0:00:05]} Qxd5 {[%emt 0:00:00]} 4. d4 {[%emt 0:00:07]} Nf6 {[%emt 0:00:04]} 5. Be3 {[%emt 0:00:15]} Ng4 {[%emt 0:09:02]} 6. Bf4 {[%emt 0:13:30]} Nc6 {[%emt 0:15:28]} 7. h3 {[%emt 0:05:14]} e5 {[%emt 0:07:39]} 8. Bg3 {[%emt 0:04:32]} Nf6 {[%emt 0:17:30]} 9. dxe5 {[%emt 0:01:45]} Qxd1+ {[%emt 0:00:34]} 10. Kxd1 {[%emt 0:00:05]} Ne4 {[%emt 0:00:56]} 11. Bb5 {[%emt 0:02:39]} Bd7 {[%emt 0:02:37]} 12. Bxc6 {[%emt 0:17:48]} Bxc6 {[%emt 0:00:17]} 13. Nf3 {[%emt 0:09:36]} O-O-O+ {[%emt 0:00:57]} 14. Ke1 {[%emt 0:09:18]} Nxg3 {[%emt 0:04:57]} 15. fxg3 {[%emt 0:00:39]} g6 {[%emt 0:19:37]} 16. Nbd2 {[%emt 0:04:07]} b5 {[%emt 0:02:02]} 17. Kf2 {[%emt 0:05:16]} c4 {[%emt 0:03:07]} 18. Rhe1 {[%emt 0:07:11]} Bc5+ {[%emt 0:00:49]} 19. Kf1 {[%emt 0:01:11]} Rhe8 {[%emt 0:08:58]} 20. Ne4 {[%emt 0:02:09]} Bxe4 {[%emt 0:00:40]} 21. Rxe4 {[%emt 0:00:06]} Kd7 {[%emt 0:03:54]} 22. Ng5 {[%emt 0:05:36]} Ke7 {[%emt 0:00:02]} 23. Rae1 {[%emt 0:03:56]} h6 {[%emt 0:00:51]} 24. Nf3 {[%emt 0:00:53]} Rd3 {[%emt 0:00:49]} 25. g4 {[%emt 0:02:52]} g5 {[%emt 0:01:04]} 26. Nd4 {[%emt 0:02:14]} Bxd4 {[%emt 0:00:08]} 27. Rxd4 {[%emt 0:00:18]} Rd8 {[%emt 0:00:29]} 28. Rxd8 {[%emt 0:00:58]} Rxd8 {[%emt 0:00:42]} 29. Ke2 {[%emt 0:00:56]} Ke6 {[%emt 0:00:32]} 30. Rf1 {[%emt 0:00:35]} Rd5 {[%emt 0:00:42]} 31. Rf6+ {[%emt 0:00:27]} Kxe5 {[%emt 0:00:11]} 32. Rxf7 {[%emt 0:00:44]} Ke4 {[%emt 0:00:45]} 33. Rxa7 Kf4 34. Rf7+ {[%emt 0:00:53]} Kg3 {[%emt 0:00:13]} 35. Rf3+ {[%emt 0:00:17]} Kxg2 {[%emt 0:00:10]} 36. Rf5 {[%emt 0:00:16]} Rd6 {[%emt 0:00:53]} 37. Rxb5 {[%emt 0:01:13]} Re6+ {[%emt 0:00:00]} 38. Kd2 {[%emt 0:00:13]} Kxh3 {[%emt 0:00:02]} 39. Rc5 {[%emt 0:00:24]} Kxg4 {[%emt 0:00:57]} 40. Rxc4+ {[%emt 0:00:00]} Kf3 {[%emt 0:00:00]} 41. Rc8 {[%emt 0:12:32]} g4 {[%emt 0:15:12]} 42. Rf8+ {[%emt 0:02:07]} Kg2 {[%emt 0:00:30]} 43. c4 {[%emt 0:03:27]} g3 {[%emt 0:02:48]} 44. b4 {[%emt 0:01:32]} Kh1 {[%emt 0:12:21]} 45. Rg8 {[%emt 0:07:35]} g2 {[%emt 0:00:02]} 46. c5 {[%emt 0:00:45]} h5 {[%emt 0:00:40]} 47. b5 {[%emt 0:01:07]} Re5 {[%emt 0:00:38]} 48. a4 {[%emt 0:04:02]} Rxc5 {[%emt 0:00:09]} 49. b6 {[%emt 0:01:21]} Rc4 {[%emt 0:01:16]} 50. Rg5 {[%emt 0:00:49]} h4 {[%emt 0:01:14]} 51. a5 {[%emt 0:00:58]} Rb4 {[%emt 0:02:29]} 52. Kc3 {[%emt 0:00:11]} Rb1 {[%emt 0:00:02]} 53. Rh5 {[%emt 0:00:49]} Rc1+ {[%emt 0:00:58]} 54. Kb3 {[%emt 0:00:37]} Rb1+ {[%emt 0:00:04]} 55. Kc3 {[%emt 0:00:09]} Rc1+ {[%emt 0:00:38]} 56. Kb3 {[%emt 0:00:48]} Kh2 {[%emt 0:00:48]} 57. Rxh4+ {[%emt 0:00:26]} Kg3 {[%emt 0:00:01]} 58. Rh8 {[%emt 0:00:35]} Kf4 {[%emt 0:00:59]} 59. Rg8 {[%emt 0:00:14]} g1=Q {[%emt 0:00:30]} 60. Rxg1 {[%emt 0:00:05]} Rxg1 {[%emt 0:00:01]} 61. Kc4 {[%emt 0:00:33]} Rb1 {[%emt 0:01:00]} 62. Kc5 {[%emt 0:00:52]} Ke5 {[%emt 0:00:11]} 63. a6 {[%emt 0:00:48]} Rc1+ {[%emt 0:00:33]} 64. Kb5 {[%emt 0:00:04]} Kd5 {[%emt 0:00:46]} 65. a7 {[%emt 0:00:41]} Rb1+ {[%emt 0:00:07]} 66. Ka6 {[%emt 0:00:44]} Kc5 {[%emt 0:00:22]} 67. a8=Q {[%emt 0:00:27]} Ra1+ {[%emt 0:00:13]} 68. Kb7 {[%emt 0:00:07]} Rxa8 {[%emt 0:00:04]} 69. Kxa8 {[%emt 0:00:04]} Kxb6 {[%emt 0:00:04]} 1/2-1/2